000 00888nam a2200277Ia 4500
003 GCL
008 140319s9999 xx 000 0 ara d
040 _aGCL /
_cGCL
082 0 4 _a398.2
_bح ث
100 1 _aحسن عطية
245 1 0 _aالثابت والمتغير دراسات فى المسرح والتراث الشعبى /
_cحسن عطية
260 _a[S.N] :
_bالهيئة المصرية العامة للكتاب ،
_c1990
300 _a178 ص
490 _a
650 0 4 _aتونس
650 0 4 _aالتراث
650 0 4 _aالمسرح
650 0 4 _aالمسرحيات
650 0 4 _aالتراث العربى
650 0 4 _aالفنون المسرحية
650 0 4 _aالادب الشعبى
650 0 4 _aالثقافة الجماهيرية
650 0 4 _aالفولكلور المصرى
650 0 4 _aالمسرحيات الشعبية
942 _2ddc
_cBK
999 _c28374
_d28374